03525nam a2200481 a 450000100060000000300090000600800410001502000180005604000280007404100080010208200140011010000440012424501050016825000110027326000360028430000110032049000300033150000560036165000400041765101950045770000390065270000440069170000720073594200120080799900150081995201290083495201290096395201310109295201300122395201300135395201300148395201280161395201280174195201360186995201320200595201280213795201280226595201270239395201360252095201280265695201290278495201300291324467CO-ViMGA141112s2004 ck r 000 u spa d a9789587580716 aCO-ViMGAbspacCO-ViMGA aSPA04a986.1 H371 aRodríguez Baquero, Luis Enrique9833210aHistoria de Colombia : btodo lo que hay que saber / cLuis Enrique Rodríguez Baquero ... [et al.] a1a ed. aBogotá : bSantillana, c2011 a366 p. aPunto de Lectura : ensayo aIncluye bibliografía al final de cada capítulo.14aCOLOMBIA - HISTORIA - COLONIA93653 aCOLOMBIA - HISTORIA - DESCUBRIMIENTO Y CONQUISTA, 1499 - 1550 \ COLOMBIA - Política Y GOBIERNO \ COLOMBIA - HISTORIA - 9 DE ABRIL \ COLOMBIA - HISTORIA - ENSAYOS, CONFERENCIAS, ETC.9363241 aCeballos Gómez, Diana Luz9215231 aRodríguez González, Ana Luz 9363251 aRodríguez González, Ana Luz Ceballos Gómez, Diana Luz 936326 2ddccBK c2191d2191 00102ddc40708GENaMEDORADObMEDORADOcGENd2023-01-27l0o986.1 H37pDOR01069r2023-01-27 00:00:00tEj.1w2023-01-27yBK 00102ddc40708GENaMEPRICObMEPRICOcGENd2023-04-11l0o986.1 H37pPR00000915r2023-04-11 00:00:00tEj.1w2023-04-11yBK 00102ddc40708GENaMEGUAMALbMEGUAMALcGENd2023-04-21l0o986.1 H37pGUA003322r2023-04-21 00:00:00tEj.1w2023-04-21yBK 00102ddc40708GENaMEFTEORObMEFTEOROcGENd2023-05-23l0o986.1 H37pFo0000774r2023-05-23 00:00:00tEj.1w2023-05-23yBK 00102ddc40708GENaMESARAMAbMESARAMAcGENd2023-05-26l0o986.1 H37 pSJA00054r2023-05-26 00:00:00tEj.1w2023-05-26yBK 00102ddc40708GENaMECUBARRbMECUBARRcGENd2023-08-11l0o986.1 H37 pCUB03054r2023-08-11 19:37:38tEj.1w2023-08-11yBK 00102ddc40708GENaMECASTILbMECASTILcGENd2023-08-16l0o986.1 H37pEC01378r2023-08-16 21:02:06tEj.1w2023-08-16yBK 00102ddc40708GENaMEMACAREbMEMACAREcGENd2023-09-08l0o986.1 H37pLM00372r2023-09-08 15:43:08tEj.1w2023-09-08yBK 00102ddc40708003aMEVIECARbMEVIECARd2015-12-04h27/jun/2012l0o986.1 H37 p25226r2015-12-04 00:00:00tEj. 1w2015-12-04yBK 00102ddc40708GENaMEMAPIRIbMEMAPIRIcGENd2024-01-11l0o986.1 H37pMAP00001701r2024-01-11 14:51:27tEj.1w2024-01-11yBK 00102ddc40708GENaMESMARTIbMESMARTIcGENd2024-03-18l0o986.1 H37pSM03390r2024-03-18 13:52:11tEj.1w2024-03-18yBK 00102ddc40708GENaMESMARTIbMESMARTIcGENd2024-03-18l0o986.1 H37pSM03392r2024-03-18 13:56:47tEj.1w2024-03-18yBK 00102ddc40708GENaMEURIBEbMEURIBEcGENd2024-09-10l0o986.1 H37pURI01300r2024-09-10 14:58:51tEj.1w2024-09-10yBK 001040708001aMEVIGERRbMEVIGERRcGENd2012-06-07o986.1 H37pECA20915r2024-11-26 09:17:25tEj.1w2024-11-26yBKz15496 | 20222 00102ddc40708GENaMESGUARObMESGUAROcGENd2025-07-08l0o986.1 H37pSG03596r2025-07-08 08:12:40tEj.1w2025-07-08yBK 00102ddc40708GENaMEPLOPEZbMEPLOPEZcGENd2025-09-05l0o986.1 H37pPLZ03157r2025-09-05 15:48:00tEj.1w2025-09-05yBK 00102lcc40708GENaMEPCONCObMEPCONCOcGENd2026-03-11l0o986.1 H37pPCON02601r2026-03-11 21:13:08tEj.1w2026-03-11yBK